| 000 | 01112cam a2200313 a 4500 | ||
|---|---|---|---|
| 999 |
_c127144 _d127144 |
||
| 001 | 2921717 | ||
| 003 | ARRUPE | ||
| 005 | 20171025113043.0 | ||
| 008 | 880219s1987 enk 000 1 eng c | ||
| 010 | _a 88672167 | ||
| 020 |
_a0434006041 : _c£10.95 |
||
| 040 |
_aMH _cMH _dDLC |
||
| 050 | 0 | 0 | _aPR-532-2 |
| 051 |
_aPR9387.9.A3 _bA83 1987b Copy 2. |
||
| 082 | 0 | 0 |
_a823 _219 |
| 100 | 1 |
_aAchebe, Chinua. _937256 |
|
| 245 | 1 | 0 |
_aAnthills of the Savannah / _cby Chinua Achebe. |
| 260 |
_aLondon : _bHeinemann, _c1987. |
||
| 300 |
_a233 p. ; _c23 cm. |
||
| 500 |
_aLC copy has dust jacket. _5DLC |
||
| 500 |
_aSource: Copyright deposit, Nov. 24, 1987. _5DLC |
||
| 651 | 0 |
_aAfrica, Central _xFiction. _937257 |
|
| 655 | 7 |
_aPolitical fiction. _2lcsh _920344 |
|
| 906 |
_a7 _bcbc _corignew _du _encip _f19 _gy-gencatlg |
||
| 942 |
_2lcc _cMONOGRAPH |
||